000 00584nam a2200205Ia 4500
003 GCL
008 140319s9999 xx 000 0 ara d
040 _aGCL /
_cGCL
082 0 4 _a332
_bل م
100 1 _aلويس، وليم ارنر
245 1 0 _aاصول التخطيط الاقتصادى /
_cلويس، وليم ارنر
700 1 _aمجدى القماش
300 _a234
490 _aالالف كتاب
_v0
650 0 4 _aالاقتصاد
650 0 4 _aالتخطيط الاقتصادى
650 0 4 _aالاستثمار
650 0 4 _aالنقود
942 _2ddc
_cBK
999 _c46026
_d46026